Top 30 most Hated Countries - Country Quiz - Statistics

General Stats
  • This quiz has been taken 217 times
  • The average score is 23 of 30
Answer Stats
Hint Answer % Correct
3rd (R) Russia
98%
2nd (U) United States
96%
11th (U) United Kingdom
95%
1st (C) China
94%
4th (N) North Korea
94%
10th (I) India
92%
7th (I) Iran
92%
5th (I) Israel
91%
12th (J) Japan
90%
14th (G) Germany
89%
8th (I) Iraq
88%
6th (P) Pakistan
88%
21st (I) Italy
77%
17th (S) South Korea
77%
28th (M) Mexico
76%
13th (S) Saudi Arabia
75%
16th (T) Turkey
75%
18th (A) Afghanistan
73%
25th (A) Australia
73%
9th (S) Syria
72%
15th (N) Nigeria
71%
29th (I) Indonesia
70%
23rd (Q) Qatar
69%
24th (A) Argentina
61%
26th (A) Algeria
58%
27th (R) Romania
56%
22nd (S) Somalia
56%
30th (V) Vatican
53%
19th (P) Philippines
52%
20th (E) England
12%
No matching quizzes found
Score Distribution
Percent of People with Each Score
Percentile by Number Answered
Your Score History
You have not taken this quiz